000 00293nam a22001337a 4500
008 180918b xxu||||| |||| 00| 0 eng d
020 _a0442277318
041 _aeng
080 _a514
100 _a9
101 _aMJE
245 _aNo Tillage Agriculture
_cPhilips.R.E
942 _2udc
_cBK
999 _c47929
_d47929